Les applications les plus utilisées en France en 2023 - Statistiques

Statistiques générales
  • Ce quiz a été pris 679 fois
  • Le résultat moyen est 6 sur 10
Statistiques - réponses
Rang Réponse % Correct
4e Instagram
98%
6e Snapchat
93%
5e TikTok
86%
2e Facebook
85%
1er Whatsapp
71%
3e Facebook Messenger
47%
10e Spotify
45%
8e Netflix
38%
9e Amazon
24%
7e Waze
24%
Aucun quiz correspondant
Distribution des résultats
% des personnes avec chaque résultat
Percentile par nombre de réponses
Votre historique - résultats
Vous n’avez pas pris ce quiz